[Event "Olomouc Chess Summer 2013 - Valoz Cup"]
[Site "?"]
[Date "2013.08.04"]
[Round "5.1"]
[White "Bures, Jaroslav"]
[Black "Mirzoev, Azer"]
[Result "0-1"]
[WhiteElo "2379"]
[BlackElo "2536"]
[PlyCount "58"]
[EventDate "2013.??.??"]

1. e4 c6 2. d4 d5 3. Nc3 g6 4. h3 Bg7 5. Nf3 Nh6 6. Bd3 O-O 7. O-O f6 8. Ne2
Nf7 9. c4 dxe4 10. Bxe4 Na6 11. Bd2 f5 12. Bc2 e5 13. dxe5 Nxe5 14. Nxe5 Bxe5
15. Bc3 Bxc3 16. Nxc3 Qf6 17. Qe2 Be6 18. Rad1 Bf7 19. Bb3 Rfe8 20. Qd2 Nc5 21.
Qd6 Qxd6 22. Rxd6 Rad8 23. Rfd1 Re1+ 24. Rxe1 Rxd6 25. Re7 Rd2 26. Na4 Nxa4 27.
Bxa4 Rxb2 28. Bb3 a5 29. f4 a4 0-1

[Event "Olomouc Chess Summer 2013 - Valoz Cup"]
[Site "?"]
[Date "2013.08.04"]
[Round "5.2"]
[White "Narayanan, Srinath"]
[Black "Rzayev, Bahruz"]
[Result "1/2-1/2"]
[WhiteElo "2475"]
[BlackElo "2429"]
[PlyCount "56"]
[EventDate "2013.??.??"]

1. e4 e5 2. Nf3 Nc6 3. Bb5 a6 4. Ba4 d6 5. O-O Bd7 6. d4 Nf6 7. Bxc6 Bxc6 8.
Re1 Be7 9. Nc3 exd4 10. Nxd4 Bd7 11. Qf3 O-O 12. h3 Re8 13. Bg5 h6 14. Bh4 Nh7
15. Bg3 Bf6 16. Qd3 Ng5 17. Nd5 Ne6 18. Nxf6+ Qxf6 19. e5 dxe5 20. Bxe5 Qg6 21.
Nxe6 Bxe6 22. Qxg6 fxg6 23. Bxc7 Rac8 24. Be5 Rxc2 25. Bc3 Bd7 26. Rxe8+ Bxe8
27. Re1 Kf7 28. Re4 g5 1/2-1/2

[Event "Olomouc Chess Summer 2013 - Valoz Cup"]
[Site "?"]
[Date "2013.08.04"]
[Round "5.3"]
[White "Simantsev, Mikhail"]
[Black "Krejci, Jan"]
[Result "1-0"]
[WhiteElo "2473"]
[BlackElo "2521"]
[PlyCount "151"]
[EventDate "2013.??.??"]

1. d4 Nf6 2. c4 e6 3. Nf3 c5 4. d5 b5 5. Bg5 b4 6. a3 h6 7. Bh4 Bb7 8. Nbd2
exd5 9. cxd5 g5 10. Bg3 Bxd5 11. e4 Nxe4 12. Nxe4 Bxe4 13. Bc4 Be7 14. axb4 O-O
15. bxc5 Bxc5 16. Bd5 Bxd5 17. Qxd5 Bb4+ 18. Kf1 Nc6 19. h4 g4 20. Nh2 h5 21.
Qxh5 f5 22. Qg6+ Kh8 23. Rd1 Qf6 24. Qh5+ Kg8 25. Rxd7 Ne7 26. Nxg4 Qe6 27.
Qg5+ Kh7 28. Qh5+ Kg8 29. Ne5 f4 30. Bxf4 Rf5 31. Qg4+ Kh7 32. Qg3 Raf8 33. Qd3
Kh8 34. Qd4 Rxf4 35. Ng6+ Kg8 36. Qh8+ Kf7 37. Qh7+ Ke8 38. Rxe7+ Bxe7 39. Nxf4
Rxf4 40. g3 Rf8 41. Qh5+ Kd7 42. Qd1+ Kc8 43. Kg2 Bc5 44. Rf1 Kb8 45. Qc2 Qd5+
46. f3 Bd6 47. Qd1 Qc6 48. Qb3+ Ka8 49. Rc1 Qa6 50. Qd5+ Kb8 51. Qb3+ Ka8 52.
Qd5+ Kb8 53. Rc3 Rf6 54. Qb3+ Qb7 55. Qg8+ Rf8 56. Qe6 Bb4 57. Rd3 Qg7 58. b3
Rg8 59. f4 Qb7+ 60. Qd5 Be1 61. Qxb7+ Kxb7 62. h5 Kc6 63. Kh3 Rf8 64. Kg4 Rg8+
65. Kh4 Bb4 66. g4 Bd6 67. Rd4 Kd7 68. g5 Ke6 69. h6 Be7 70. Re4+ Kf7 71. Kh5
Bd8 72. h7 Rh8 73. Kh6 Kf8 74. Kg6 Bb6 75. f5 Bd8 76. f6 1-0

[Event "Olomouc Chess Summer 2013 - Valoz Cup"]
[Site "?"]
[Date "2013.08.04"]
[Round "5.4"]
[White "Akkozov, Berik"]
[Black "Mammadov, Zaur"]
[Result "1-0"]
[WhiteElo "2377"]
[BlackElo "2437"]
[PlyCount "99"]
[EventDate "2013.??.??"]

1. d4 Nf6 2. c4 e6 3. Nc3 Bb4 4. a3 Bxc3+ 5. bxc3 O-O 6. e3 b6 7. Bd3 Bb7 8. f3
d5 9. cxd5 exd5 10. Ne2 Ba6 11. Bxa6 Nxa6 12. Qd3 Nb8 13. O-O Re8 14. Ng3 Nbd7
15. Ra2 c5 16. Re2 Rc8 17. Nf5 cxd4 18. cxd4 Rc6 19. e4 Qc7 20. Bb2 Nf8 21. e5
Nh5 22. f4 g6 23. Nd6 Re6 24. f5 Rexd6 25. exd6 Qxd6 26. Qf3 Qd7 27. Bc1 Nf6
28. Bh6 Ne4 29. Qh3 Qe7 30. Bxf8 Qxf8 31. fxg6 hxg6 32. Qd7 Rf6 33. Rxf6 Nxf6
34. Qe7 Qg7 35. Qe5 Kh7 36. Rc2 Ng4 37. Qxg7+ Kxg7 38. Rc7 Ne3 39. Rxa7 Kf6 40.
Rb7 Nc4 41. a4 Kf5 42. Rxf7+ Ke4 43. Rg7 Kxd4 44. Rxg6 Kc3 45. Kf2 d4 46. Rc6
d3 47. h4 Kd4 48. Rxc4+ Kxc4 49. Ke1 Kc3 50. Kd1 1-0

[Event "Olomouc Chess Summer 2013 - Valoz Cup"]
[Site "?"]
[Date "2013.08.04"]
[Round "5.5"]
[White "Cerveny, Petr"]
[Black "Simacek, Pavel"]
[Result "1/2-1/2"]
[WhiteElo "2285"]
[BlackElo "2468"]
[PlyCount "82"]
[EventDate "2013.??.??"]

1. e4 c5 2. Nc3 Nc6 3. Bb5 g6 4. Bxc6 dxc6 5. d3 e5 6. Be3 Nf6 7. h3 Qe7 8.
Nge2 Bg7 9. Qd2 Be6 10. O-O c4 11. f4 cxd3 12. cxd3 exf4 13. Nxf4 O-O 14. Nxe6
Qxe6 15. Rf2 Rfd8 16. Raf1 Rd7 17. Rf3 b5 18. Bh6 Bh8 19. a3 Ne8 20. Qf2 Rad8
21. Kh1 Bd4 22. Qg3 Be5 23. Bf4 Bxf4 24. Qxf4 f6 25. Rd1 a5 26. Rd2 Kg7 27. Qe3
b4 28. axb4 axb4 29. Na4 Ra8 30. Nc5 Ra1+ 31. Kh2 Qe5+ 32. g3 Re7 33. d4 Qb8
34. Rdf2 Raa7 35. Qb3 Qd6 36. Qc4 Rf7 37. e5 Qd5 38. Qxd5 cxd5 39. Ne6+ Kg8 40.
exf6 Ra6 41. Nc5 Raxf6 1/2-1/2

[Event "Olomouc Chess Summer 2013 - Prima Pack "]
[Site "?"]
[Date "2013.08.04"]
[Round "5.1"]
[White "Tokmachev, Mikhail"]
[Black "Kubik, Michael"]
[Result "1-0"]
[WhiteElo "2356"]
[BlackElo "2154"]
[PlyCount "69"]
[EventDate "2013.??.??"]

1. d4 Nf6 2. Nc3 d5 3. Bg5 Nbd7 4. e3 g6 5. Bd3 Bg7 6. f4 O-O 7. Nf3 c5 8. Qd2
c4 9. Be2 b5 10. a3 Ne4 11. Nxe4 dxe4 12. Ne5 f6 13. Nxd7 Qxd7 14. Bh4 Qd5 15.
O-O Bb7 16. a4 e5 17. axb5 exf4 18. Qb4 Rfc8 19. Ra4 Kh8 20. exf4 Qxd4+ 21. Bf2
e3 22. Be1 Qb6 23. Bc3 Be4 24. Ra6 Qb7 25. Bxf6 Bxg2 26. Bxg7+ Kxg7 27. Qc3+
Kh6 28. f5 Bxf1 29. Qxe3+ Kg7 30. Qe5+ Kg8 31. Bxf1 Qf7 32. Bg2 Re8 33. Re6
gxf5 34. Bd5 Qg7+ 35. Rg6+ 1-0

[Event "Olomouc Chess Summer 2013 - Prima Pack "]
[Site "?"]
[Date "2013.08.04"]
[Round "5.2"]
[White "Jurek, Josef"]
[Black "Efroimski, Marsel"]
[Result "1/2-1/2"]
[WhiteElo "2278"]
[BlackElo "2297"]
[PlyCount "91"]
[EventDate "2013.??.??"]

1. Nf3 Nf6 2. c4 g6 3. d4 Bg7 4. g3 d5 5. cxd5 Nxd5 6. Bg2 Nb6 7. Nc3 Nc6 8. e3
O-O 9. O-O e5 10. d5 Ne7 11. e4 Bg4 12. h3 Bxf3 13. Bxf3 c6 14. Qb3 cxd5 15.
Nxd5 Nbxd5 16. exd5 Nf5 17. Be3 Nxe3 18. Qxe3 f5 19. Qb3 e4 20. Bg2 Rf6 21. d6+
Kh8 22. Rad1 Rxd6 23. Rxd6 Qxd6 24. Qxb7 Rb8 25. Qxa7 Bd4 26. Qa3 Qxa3 27. bxa3
Rb2 28. h4 Kg7 29. a4 Rxa2 30. a5 Kf6 31. a6 Ke5 32. Bh3 h6 33. Bg2 g5 34. hxg5
hxg5 35. Bh3 g4 36. Bg2 f4 37. gxf4+ Kxf4 38. Rd1 Bxf2+ 39. Kf1 Be3 40. Re1
Rxa6 41. Ke2 Ra2+ 42. Kf1 Rf2+ 43. Kg1 Rf3+ 44. Kh1 Bf2 45. Re2 g3 46. Rxe4+
1/2-1/2

[Event "Olomouc Chess Summer 2013 - Prima Pack "]
[Site "?"]
[Date "2013.08.04"]
[Round "5.3"]
[White "Wiley, Tom E"]
[Black "Dobes, Vojtech"]
[Result "1-0"]
[WhiteElo "2256"]
[BlackElo "2106"]
[PlyCount "67"]
[EventDate "2013.??.??"]

1. e4 c5 2. Nf3 Nf6 3. e5 Nd5 4. g3 Nc6 5. Bg2 d6 6. exd6 Qxd6 7. O-O Bg4 8. h3
Bh5 9. Nc3 e6 10. Re1 Be7 11. Nxd5 exd5 12. d4 Bxf3 13. Qxf3 Nxd4 14. Qd3 O-O
15. c3 Nc6 16. Bf4 Qd7 17. Qxd5 Qxd5 18. Bxd5 Rfe8 19. Bxc6 bxc6 20. Rad1 g5
21. Bc1 Bf6 22. Rxe8+ Rxe8 23. Kf1 Rd8 24. Rxd8+ Bxd8 25. Be3 Bb6 26. Bxg5 c4
27. Ke2 f5 28. Be3 Kf7 29. Bxb6 axb6 30. Ke3 c5 31. Kf4 Kf6 32. a4 h5 33. h4
Kg6 34. Ke5 1-0

[Event "Olomouc Chess Summer 2013 - Prima Pack "]
[Site "?"]
[Date "2013.08.04"]
[Round "5.5"]
[White "Kholopov, Alexander A"]
[Black "Biolek, Richard"]
[Result "0-1"]
[WhiteElo "2310"]
[BlackElo "2437"]
[PlyCount "48"]
[EventDate "2013.??.??"]

1. d4 e6 2. c4 Bb4+ 3. Nd2 Nf6 4. Ngf3 d5 5. a3 Be7 6. e3 O-O 7. Bd3 a5 8. O-O
c5 9. cxd5 exd5 10. dxc5 Nbd7 11. Nb3 Nxc5 12. Nxc5 Bxc5 13. b3 Bg4 14. Bb2 Qe7
15. Be2 Rad8 16. Nd4 Bc8 17. Qd3 Ne4 18. Qb5 f5 19. g3 f4 20. exf4 Bh3 21. Rfe1
Rxf4 22. Bf1 Rxf2 23. Bxh3 Rxb2 24. Rad1 Qf6 0-1

[Event "Olomouc Chess Summer 2013 - Open Olomou"]
[Site "?"]
[Date "2013.08.04"]
[Round "4.1"]
[White "Plat, Vojtech"]
[Black "Blazeka, Matej"]
[Result "1-0"]
[WhiteElo "2470"]
[BlackElo "2282"]
[PlyCount "67"]
[EventDate "2013.??.??"]

1. d4 d5 2. Nf3 Nf6 3. c4 c6 4. Nc3 e6 5. Bg5 h6 6. Bxf6 Qxf6 7. e3 g6 8. Rc1
Nd7 9. Bd3 Bg7 10. O-O O-O 11. Re1 Qe7 12. e4 dxc4 13. Bxc4 e5 14. d5 Nb6 15.
Bb3 Rd8 16. Qe2 cxd5 17. exd5 Bg4 18. h3 Bxf3 19. Qxf3 Nc8 20. d6 Nxd6 21. Nd5
Qh4 22. g3 e4 23. Qxf7+ Nxf7 24. gxh4 Ne5 25. Rxe4 Nf3+ 26. Kg2 Nd2 27. Ne7+
Kh7 28. Re6 Nxb3 29. axb3 Rd7 30. Nxg6 Bxb2 31. Rc5 Kg7 32. h5 Rad8 33. Rf5 Rc8
34. Ne7 1-0

[Event "Olomouc Chess Summer 2013 - Open Olomou"]
[Site "?"]
[Date "2013.08.04"]
[Round "4.2"]
[White "Kazakov, Konstantin"]
[Black "Hjelmaas, Lars"]
[Result "1-0"]
[WhiteElo "2307"]
[BlackElo "2270"]
[PlyCount "65"]
[EventDate "2013.??.??"]

1. e4 e6 2. d4 d5 3. Nc3 Bb4 4. e5 c5 5. Bd2 cxd4 6. Nb5 Bc5 7. b4 Bf8 8. Nxd4
Nc6 9. Nxc6 bxc6 10. Nf3 Qb6 11. Bd3 Ba6 12. O-O Ne7 13. Be3 Qb7 14. Nd4 Bxd3
15. cxd3 Ng6 16. Rc1 Nxe5 17. f4 Nd7 18. f5 e5 19. Nxc6 Bd6 20. Qb3 Nf6 21. Bg5
d4 22. Bxf6 gxf6 23. Qd5 Rd8 24. b5 Rd7 25. Qe4 h5 26. a4 Rg8 27. Qe2 Rg4 28.
Rf3 Rc7 29. Rh3 Rg5 30. Rxh5 Rxh5 31. Qxh5 a6 32. Qh8+ Bf8 33. Qxf6 1-0

[Event "Olomouc Chess Summer 2013 - Open Olomou"]
[Site "?"]
[Date "2013.08.04"]
[Round "4.3"]
[White "Ageichenko, Gennady"]
[Black "Schmid, Thomas"]
[Result "1-0"]
[WhiteElo "2302"]
[BlackElo "2197"]
[PlyCount "47"]
[EventDate "2013.??.??"]

1. e4 c5 2. Nf3 d6 3. d4 cxd4 4. Nxd4 Nf6 5. Nc3 a6 6. g3 e5 7. Nde2 Be7 8. Bg2
O-O 9. O-O Be6 10. h3 b5 11. g4 b4 12. Nd5 Bxd5 13. exd5 Nbd7 14. Ng3 g6 15.
Bh6 Re8 16. g5 Nh5 17. Nxh5 gxh5 18. Qxh5 Nf8 19. Bxf8 Bxf8 20. Be4 Bg7 21.
Rae1 Ra7 22. Re3 Kf8 23. Rf3 Ree7 24. Qxh7 1-0

[Event "Olomouc Chess Summer 2013 - Open Olomou"]
[Site "?"]
[Date "2013.08.04"]
[Round "4.4"]
[White "Maryasin, Boris"]
[Black "Johansson, Jan"]
[Result "1-0"]
[WhiteElo "2332"]
[BlackElo "2394"]
[PlyCount "75"]
[EventDate "2013.??.??"]

1. e4 e5 2. Nf3 Nc6 3. Bc4 Nf6 4. d3 Be7 5. O-O O-O 6. Re1 d6 7. c3 Na5 8. Bb5
c5 9. d4 Qc7 10. Nbd2 cxd4 11. cxd4 Bd7 12. Bxd7 Nxd7 13. Nf1 Rfc8 14. Ne3 Bf8
15. b3 Nc6 16. Bb2 Qd8 17. Qd2 exd4 18. Nxd4 Qg5 19. Rad1 Nde5 20. Qe2 Nxd4 21.
Rxd4 Rc6 22. Red1 Rac8 23. g3 Ng6 24. Kh1 Qa5 25. Ra4 Qb6 26. Bd4 Qd8 27. Rxa7
Qe8 28. f3 Qe6 29. Rxb7 Ne7 30. Rb5 Rc1 31. Rxc1 Rxc1+ 32. Kg2 Qc8 33. Bb2 Rb1
34. Nc4 Qc6 35. Na3 Rxb2 36. Qxb2 d5 37. Qe2 Nc8 38. exd5 1-0

[Event "Olomouc Chess Summer 2013 - Open Olomou"]
[Site "?"]
[Date "2013.08.04"]
[Round "4.5"]
[White "Kanovsky, David"]
[Black "Sabuk, Piotr"]
[Result "1/2-1/2"]
[WhiteElo "2391"]
[BlackElo "2239"]
[PlyCount "103"]
[EventDate "2013.??.??"]

1. e4 c5 2. Nf3 d6 3. d4 cxd4 4. Nxd4 Nf6 5. Nc3 a6 6. Bg5 e6 7. f4 Nbd7 8. Qf3
Be7 9. O-O-O Qc7 10. Bd3 h6 11. Bh4 g5 12. fxg5 Ne5 13. Qe2 Nfg4 14. Nf3 hxg5
15. Bg3 Qc5 16. Nxe5 Nxe5 17. Kb1 Bd7 18. a3 b5 19. Bf2 Qc7 20. Bd4 Rb8 21. h3
Qb7 22. Rhf1 Rh4 23. Na2 a5 24. g3 Rxh3 25. Bxe5 dxe5 26. Rxf7 Kxf7 27. Qf1+
Kg7 28. Qxh3 Rh8 29. Qg4 Qb6 30. Nc1 Rh2 31. Be2 Be8 32. Qf3 Rf2 33. Qc3 b4 34.
axb4 axb4 35. Qxe5+ Bf6 36. Qd6 Qxd6 37. Rxd6 Bf7 38. Rd7 Kf8 39. Bc4 Rg2 40.
Nd3 Rxg3 41. Nc5 Rg1+ 42. Ka2 g4 43. Nxe6+ Ke8 44. Rb7 Bxe6 45. Bxe6 g3 46. e5
Bxe5 47. Rxb4 Rc1 48. Bd5 g2 49. Bxg2 Rxc2 50. Be4 Rxb2+ 51. Rxb2 Bxb2 52. Bc2
1/2-1/2

[Event "Olomouc Chess Summer 2013 - Open Olomou"]
[Site "?"]
[Date "2013.08.04"]
[Round "4.6"]
[White "Pogan, Nikolas"]
[Black "Sergienko, Sergey"]
[Result "1/2-1/2"]
[WhiteElo "2284"]
[BlackElo "2379"]
[PlyCount "80"]
[EventDate "2013.??.??"]

1. d4 Nf6 2. Nf3 e6 3. c4 Nc6 4. g3 Bb4+ 5. Bd2 Qe7 6. Bg2 Bxd2+ 7. Nbxd2 d6 8.
O-O O-O 9. e4 e5 10. d5 Nb8 11. b4 a5 12. a3 Bg4 13. Qc2 Bxf3 14. Nxf3 Nbd7 15.
Rfc1 b6 16. Ne1 Rfb8 17. Nd3 axb4 18. axb4 Qf8 19. Qc3 h5 20. f3 h4 21. Bh3
hxg3 22. hxg3 Rxa1 23. Rxa1 Ra8 24. Ra3 g6 25. Kg2 Qb8 26. Qa1 Rxa3 27. Qxa3
Nf8 28. c5 bxc5 29. bxc5 Kg7 30. c6 Qb1 31. Nf2 Qb6 32. Qa8 N8h7 33. Qb7 Qe3
34. Qb1 Ng5 35. Qd3 Qc1 36. Qd1 Qe3 37. Qd3 Qe1 38. Qd1 Qc3 39. Qd3 Qb2 40. Qe3
Ngh7 1/2-1/2

[Event "Olomouc Chess Summer 2013 - Open Olomou"]
[Site "?"]
[Date "2013.08.04"]
[Round "4.7"]
[White "Pasiev, Rakhim"]
[Black "Kelkar, Abhishek"]
[Result "1-0"]
[WhiteElo "2376"]
[BlackElo "2244"]
[PlyCount "153"]
[EventDate "2013.??.??"]

1. c4 Nf6 2. Nc3 g6 3. g3 Bg7 4. Bg2 O-O 5. d4 d6 6. Nf3 c6 7. O-O Bf5 8. b3
Ne4 9. Bb2 Nxc3 10. Bxc3 Be4 11. e3 d5 12. Re1 Nd7 13. Bf1 Bxf3 14. Qxf3 e6 15.
Qd1 a5 16. Qc2 Re8 17. Bg2 Qb6 18. Rad1 Qa6 19. Bf1 Qa7 20. Bg2 Nf6 21. c5 b6
22. cxb6 Qxb6 23. Bb2 Bf8 24. Rc1 Rec8 25. Bf1 Rab8 26. Red1 Rc7 27. Rd3 Rbc8
28. Qb1 Nd7 29. Rdc3 Bb4 30. R3c2 Bf8 31. h4 h5 32. Kg2 Bg7 33. Qa1 Re8 34. f4
Rec8 35. Be2 Nf6 36. Ba3 Bf8 37. Bxf8 Kxf8 38. Bd3 Ke7 39. Qc3 Nd7 40. e4 dxe4
41. Bxe4 Nf6 42. Bf3 Rd8 43. Rd2 Nd5 44. Qc5+ Qxc5 45. Rxc5 Ra8 46. Bxd5 exd5
47. f5 gxf5 48. Re2+ Kf6 49. Rec2 f4 50. gxf4 Rg8+ 51. Kf3 Rg4 52. Rxd5 cxd5
53. Rxc7 Rxh4 54. Rc5 Rh3+ 55. Kg2 Rd3 56. Rxd5 Rd2+ 57. Kf3 Rxa2 58. Rxh5 Ra3
59. Ke4 Rxb3 60. Rxa5 Rb1 61. Ra6+ Ke7 62. d5 Re1+ 63. Kf5 Rf1 64. Ra7+ Kf8 65.
d6 Rd1 66. Ra8+ Kg7 67. Ke5 Re1+ 68. Kd5 Rd1+ 69. Kc6 Rc1+ 70. Kb6 Rb1+ 71. Kc7
Rc1+ 72. Kd8 Rh1 73. Ra4 f5 74. d7 Kf7 75. Rc4 Rd1 76. Kc8 Ke7 77. Rc7 1-0

[Event "Olomouc Chess Summer 2013 - Open Olomou"]
[Site "?"]
[Date "2013.08.04"]
[Round "4.8"]
[White "Dukaczewski, Piotr"]
[Black "Schmidt, Raul"]
[Result "1-0"]
[WhiteElo "2233"]
[BlackElo "2371"]
[PlyCount "63"]
[EventDate "2013.??.??"]

1. c4 Nf6 2. Nc3 g6 3. g3 Bg7 4. Bg2 O-O 5. Nf3 Nc6 6. O-O d6 7. Rb1 Bf5 8. d3
Qd7 9. e4 Bh3 10. d4 Bxg2 11. Kxg2 Rfe8 12. d5 Na5 13. Qd3 c5 14. b3 a6 15. a4
Ng4 16. h3 Ne5 17. Nxe5 dxe5 18. b4 cxb4 19. Rxb4 Qd6 20. Ba3 Rec8 21. Nb1 Qc7
22. Rc1 b6 23. Qe3 Bf8 24. Qxb6 Qxb6 25. Rxb6 Nxc4 26. Rc6 Rxc6 27. dxc6 Nxa3
28. Nxa3 Rc8 29. c7 Bh6 30. Rc6 Kf8 31. Nc4 Ke8 32. Nb6 1-0

[Event "Olomouc Chess Summer 2013 - Open Olomou"]
[Site "?"]
[Date "2013.08.04"]
[Round "4.10"]
[White "Stachanczyk, Jacek"]
[Black "Kriebel, Tadeas"]
[Result "1-0"]
[WhiteElo "2227"]
[BlackElo "2351"]
[PlyCount "77"]
[EventDate "2013.??.??"]

1. e4 e5 2. Nf3 Nc6 3. Bb5 f5 4. Nc3 fxe4 5. Nxe4 d5 6. Nxe5 dxe4 7. Nxc6 Qg5
8. Qe2 Nf6 9. f4 Qxf4 10. Nxa7+ Bd7 11. Bxd7+ Kxd7 12. Qb5+ Ke6 13. Qb3+ Kd7
14. Qb5+ Ke6 15. Qb3+ Nd5 16. Nb5 Qe5 17. O-O Bc5+ 18. d4 Bxd4+ 19. Kh1 Raf8
20. Bf4 Rxf4 21. Nxd4+ Ke7 22. Rxf4 Nxf4 23. Qxb7 Qxd4 24. Qxc7+ Ke8 25. Qxf4
Rf8 26. Qg4 Qc4 27. Qh5+ Kd7 28. Rd1+ Kc6 29. Kg1 Qxc2 30. Qd5+ Kc7 31. Qd6+
Kb7 32. Qb4+ Kc7 33. Qe7+ Kb6 34. Rd6+ Ka5 35. Qa7+ Kb5 36. Rb6+ Kc4 37. Rc6+
Kd3 38. Rxc2 Kxc2 39. Qc5+ 1-0

[Event "Olomouc Chess Summer 2013 - Open Olomou"]
[Site "?"]
[Date "2013.08.04"]
[Round "4.11"]
[White "Kireev, Aleksei"]
[Black "Zdrazil, Tomas"]
[Result "1-0"]
[WhiteElo "2337"]
[BlackElo "2048"]
[PlyCount "81"]
[EventDate "2013.??.??"]

1. d4 Nf6 2. Bg5 Ne4 3. Bh4 d5 4. f3 g5 5. fxe4 gxh4 6. e3 c5 7. Nc3 dxe4 8.
Nxe4 cxd4 9. Qxd4 Qxd4 10. exd4 Bf5 11. Bd3 Nc6 12. c3 Rg8 13. Kf2 Bg6 14. Nf3
O-O-O 15. Rad1 h3 16. g3 Bh5 17. Neg5 Bh6 18. Nxh3 Rd6 19. Rhe1 Rgd8 20. Be4
Kc7 21. Bxc6 bxc6 22. Rxe7+ Kb6 23. Rde1 Rf6 24. Nhg1 Rd5 25. R7e5 Bd2 26. R1e2
Bc1 27. Rc2 Bh6 28. Kg2 Bg6 29. Rce2 Bd3 30. Re1 Bg7 31. Nh3 Rh6 32. Nf4 Bxe5
33. Nxe5 Bc2 34. Nxd5+ cxd5 35. Nxf7 Rf6 36. Ne5 Kb5 37. g4 Be4+ 38. Kg3 Ra6
39. a3 Ka4 40. Nd7 Kb5 41. Nc5 1-0

[Event "Olomouc Chess Summer 2013 - Open Olomou"]
[Site "?"]
[Date "2013.08.04"]
[Round "4.12"]
[White "Siembab, Bartosz"]
[Black "Tregubov, Andrey"]
[Result "1/2-1/2"]
[WhiteElo "2223"]
[BlackElo "2333"]
[PlyCount "81"]
[EventDate "2013.??.??"]

1. d4 Nf6 2. c4 e6 3. Nf3 Bb4+ 4. Bd2 Qe7 5. g3 Nc6 6. Bg2 Bxd2+ 7. Qxd2 Ne4 8.
Qc1 Qb4+ 9. Nc3 Nxc3 10. Qxc3 Qxc3+ 11. bxc3 d6 12. Nd2 Bd7 13. Rb1 Rb8 14. O-O
Ke7 15. Bxc6 Bxc6 16. e4 b6 17. f4 f6 18. Kf2 Rhe8 19. g4 Kf7 20. h4 Bb7 21.
Ke3 Rbc8 22. h5 c5 23. Kd3 Ba6 24. d5 Re7 25. dxe6+ Rxe6 26. g5 fxg5 27. fxg5+
Ke7 28. Rf4 Rf8 29. Rxf8 Kxf8 30. Rf1+ Ke7 31. Rf4 Bb7 32. Nf3 Bc6 33. Nh4 g6
34. hxg6 hxg6 35. Nf3 Be8 36. Rh4 Kf8 37. Rh7 Re7 38. Rh4 Kg7 39. Rf4 Re6 40.
Nh2 Re5 41. Nf3 1/2-1/2

[Event "Olomouc Chess Summer 2013 - Open Olomou"]
[Site "?"]
[Date "2013.08.04"]
[Round "4.14"]
[White "Starek, Stanislav"]
[Black "Gunajew, Rafal"]
[Result "0-1"]
[WhiteElo "2094"]
[BlackElo "2310"]
[PlyCount "74"]
[EventDate "2013.??.??"]

1. d4 d5 2. c4 c6 3. Nc3 Nf6 4. e3 a6 5. Nf3 b5 6. c5 Bg4 7. h3 Bxf3 8. Qxf3 e5
9. Qg3 exd4 10. exd4 g6 11. Bg5 Bg7 12. O-O-O O-O 13. Bd3 Qa5 14. Kb1 Nbd7 15.
Qd6 Rac8 16. g4 Qc7 17. Qxc7 Rxc7 18. Rhe1 Re8 19. Re3 Rcc8 20. Kc2 Nf8 21. Rf3
N6d7 22. h4 Ne6 23. Be3 Bxd4 24. Bxg6 fxg6 25. Bxd4 Nxd4+ 26. Rxd4 Nxc5 27. Rf6
Rf8 28. Rdf4 Ne6 29. Rxf8+ Rxf8 30. Rxf8+ Kxf8 31. Ne2 Ke7 32. Kc3 c5 33. Ng3
Kf6 34. Kd2 Ke5 35. Ke3 c4 36. Ne2 d4+ 37. Kf3 b4 0-1

[Event "Olomouc Chess Summer 2013 - Open Olomou"]
[Site "?"]
[Date "2013.08.04"]
[Round "4.15"]
[White "Musaev, Rasul"]
[Black "Blazeka, Damjan"]
[Result "1/2-1/2"]
[WhiteElo "2301"]
[BlackElo "2096"]
[PlyCount "64"]
[EventDate "2013.??.??"]

1. e4 e6 2. d4 d5 3. Nc3 Nf6 4. Bg5 Bb4 5. e5 h6 6. Bd2 Bxc3 7. bxc3 Ne4 8. Qg4
g6 9. Bd3 Nxd2 10. Kxd2 c5 11. Nf3 Qa5 12. Qf4 Nc6 13. dxc5 Qxc5 14. Nd4 Nxd4
15. cxd4 Qa5+ 16. c3 b6 17. Rhb1 Ba6 18. Bxa6 Qxa6 19. a4 Rc8 20. Qf6 Rg8 21.
a5 bxa5 22. Ra3 Kf8 23. Rb4 Qc6 24. Rba4 Qb5 25. Ra2 Qb1 26. Rxa5 Rb8 27. Rxa7
Rb2+ 28. Rxb2 Qxb2+ 29. Kd1 Qb1+ 30. Ke2 Qc2+ 31. Ke1 Qxc3+ 32. Ke2 Qc2+
1/2-1/2

[Event "Olomouc Chess Summer 2013 - Open Olomou"]
[Site "?"]
[Date "2013.08.04"]
[Round "4.16"]
[White "Prandstetter, Eduard"]
[Black "Vacek, Radomir"]
[Result "1-0"]
[WhiteElo "2270"]
[BlackElo "2088"]
[PlyCount "105"]
[EventDate "2013.??.??"]

1. e4 c5 2. Nf3 d6 3. d4 cxd4 4. Nxd4 Nf6 5. Nc3 a6 6. Be2 e5 7. Nb3 Be7 8. O-O
O-O 9. Be3 Be6 10. Qd2 Nbd7 11. a4 Nb6 12. a5 Nc4 13. Bxc4 Bxc4 14. Rfd1 h6 15.
f3 Rc8 16. Nc1 Qc7 17. Kh1 Qc6 18. Nd3 Bxd3 19. Qxd3 Rfd8 20. Qd2 Rd7 21. Na4
Bd8 22. c4 Ne8 23. b3 Re7 24. Nc3 Re6 25. Nd5 Rg6 26. Bb6 Bg5 27. Qf2 Qd7 28.
Be3 Bd8 29. Qe2 f5 30. exf5 Qxf5 31. Nc3 h5 32. Ne4 h4 33. h3 Qf7 34. Qe1 Be7
35. Rac1 Rc6 36. Bf2 Qf4 37. Rc2 Nf6 38. Nxf6+ Bxf6 39. Re2 Qg5 40. Qf1 Bd8 41.
Be1 Qf5 42. Re4 Rh6 43. Qd3 Qf7 44. Qe2 Bg5 45. Bd2 Bxd2 46. Rxd2 b6 47. f4 Rf6
48. fxe5 Rf1+ 49. Kh2 Qg6 50. Rxh4 Qb1 51. exd6 Rh1+ 52. Kg3 Re1 53. Qd3 1-0

[Event "Olomouc Chess Summer 2013 - Open Olomou"]
[Site "?"]
[Date "2013.08.04"]
[Round "4.17"]
[White "Svancara, Petr"]
[Black "Dauletova, Gulmira"]
[Result "1/2-1/2"]
[WhiteElo "2091"]
[BlackElo "2266"]
[PlyCount "114"]
[EventDate "2013.??.??"]

1. d4 Nf6 2. Nf3 e6 3. Bg5 Be7 4. e3 b6 5. Bd3 Bb7 6. O-O O-O 7. Nbd2 d6 8. Re1
Nbd7 9. e4 e5 10. c3 h6 11. Bh4 Nh5 12. Bxe7 Qxe7 13. a4 Nf4 14. Bf1 a5 15. g3
Ng6 16. Bh3 Rfe8 17. Qc2 Nf6 18. d5 Nh7 19. Nc4 Ng5 20. Nxg5 Qxg5 21. Bg2 Bc8
22. b4 f5 23. bxa5 bxa5 24. exf5 Bxf5 25. Qe2 Ne7 26. Ne3 Bd7 27. Qc4 Ra7 28.
Rab1 Rf8 29. Rb2 Ng6 30. Reb1 Qf6 31. Be4 h5 32. Qe2 Qg5 33. Kh1 Raa8 34. Rb7
Rac8 35. Qc2 Ne7 36. h4 Qf6 37. R1b2 Be8 38. c4 g5 39. hxg5 Qxg5 40. Ng2 Nf5
41. Bxf5 Rxf5 42. Rb8 Rxb8 43. Rxb8 Rf8 44. Nh4 Qg4 45. Kg2 Kg7 46. Rb7 Rf7 47.
f3 Qg5 48. Qc3 Kh6 49. Rb8 Bxa4 50. Qxa5 Bc2 51. Qc3 Bh7 52. Re8 Bf5 53. Nxf5+
Qxf5 54. Re6+ Kh7 55. Re8 Rg7 56. Re6 Rf7 57. Qe3 Qf6 1/2-1/2

[Event "Olomouc Chess Summer 2013 - Open Olomou"]
[Site "?"]
[Date "2013.08.04"]
[Round "4.18"]
[White "Ptacnikova, Lenka"]
[Black "Galvanek, Ladislav"]
[Result "1-0"]
[WhiteElo "2239"]
[BlackElo "2052"]
[PlyCount "79"]
[EventDate "2013.??.??"]

1. c4 e6 2. Nf3 d5 3. g3 c5 4. cxd5 exd5 5. d4 Nc6 6. Bg2 Nf6 7. O-O Be7 8.
dxc5 Bxc5 9. Bg5 Be6 10. Nc3 O-O 11. Ne1 d4 12. Bxf6 Qxf6 13. Ne4 Qe7 14. Nxc5
Qxc5 15. Nd3 Qb6 16. Qa4 Rfe8 17. Rfc1 Rac8 18. Rc2 Bg4 19. e4 Rcd8 20. f4 Be6
21. Rc5 a6 22. Rac1 Bd7 23. Qa3 Na7 24. Qb4 Qxb4 25. Nxb4 Nc6 26. Nd5 Be6 27.
Rd1 Kf8 28. a3 a5 29. Nc7 Re7 30. Nxe6+ fxe6 31. e5 Rc7 32. Kf2 d3 33. Ke3 Ke7
34. Bxc6 Rxc6 35. Rxa5 Rc2 36. Rd2 Rd7 37. Rb5 h5 38. Rb3 Rc1 39. Rbxd3 Rxd3+
40. Kxd3 1-0

[Event "Olomouc Chess Summer 2013 - Open Olomou"]
[Site "?"]
[Date "2013.08.04"]
[Round "4.19"]
[White "Beil, Zdenek"]
[Black "Jakl, Ales"]
[Result "1-0"]
[WhiteElo "2238"]
[BlackElo "2045"]
[PlyCount "83"]
[EventDate "2013.??.??"]

1. d4 Nf6 2. Nf3 d6 3. c4 g6 4. g3 Bg7 5. Bg2 O-O 6. O-O Nbd7 7. Qc2 e5 8. Rd1
Qe7 9. e4 Ne8 10. Nc3 c6 11. b4 exd4 12. Nxd4 Ne5 13. b5 Bd7 14. Qe2 Rc8 15.
bxc6 bxc6 16. Rb1 Bg4 17. f3 Be6 18. Nxe6 Qxe6 19. Bf1 Nxc4 20. Qxc4 Qxc4 21.
Bxc4 Bxc3 22. Rb7 d5 23. Bb3 Nd6 24. Rxa7 Bb4 25. Rd7 Nb5 26. Kg2 Nc3 27. Rd3
dxe4 28. fxe4 c5 29. Bh6 c4 30. Bxf8 Kxf8 31. R3d4 cxb3 32. Rxb4 bxa2 33. Ra7
Rc7 34. Ra3 Ke7 35. Kf3 Kd6 36. Ke3 Kc5 37. Rbb3 Kd6 38. Kd3 Nd1 39. Rxa2 Rd7
40. Ke2 Kc5 41. Rd3 Rxd3 42. Kxd3 1-0